| 000 | 00458aam a2200193 4500 | ||
|---|---|---|---|
| 005 | 20161121173405.0 | ||
| 008 | 150413b xxu||||| |||| 00| 0 spa d | ||
| 041 | _aspa | ||
| 082 | _a004.65 T164r | ||
| 100 |
_aTanenbaum, Andrew S _97354 |
||
| 245 | _aRedes de computación | ||
| 250 | _a2 edición | ||
| 260 | _aMéxico | ||
| 260 | _bPrentice-Hall | ||
| 260 | _c1997 | ||
| 300 | _a813 páginas | ||
| 650 |
_aREDES DE COMPUTADORES _96512 |
||
| 942 | _cBK | ||
| 999 |
_c4580 _d4580 |
||